000 00418cam a22001337a 4500
008 180718b2001 xxu||||| |||| 00| 0 eng d
082 _aPROJ. REP. 2001/KAB
100 _aKabra, Kamal Nayan
245 _aRural industries in India
_cby Kamal Nayan Kabra
260 _aNew Delhi
_bIndian Institute of Public Administration
_c2001
300 _av.p.
650 _aIndustry and state - India
650 _aIndia - Industries
999 _c491991
_d491991